Волшебник Изумрудного города. Урфин Джюс и его деревянные солдаты: повести

Bibliographische Detailangaben
1. Verfasser: Волков А. М. Александр Мелентьевич
Sprache:Russisch
Veröffentlicht: Киев, Вэсэлка, 1990
Schlagworte:
Format: Buch
KOHA link:https://koha.lib.tpu.ru/cgi-bin/koha/opac-detail.pl?biblionumber=679036

MARC

LEADER 00000nam0a2200000 4500
001 679036
005 20250312163721.0
010 |a 5-301-00728-9 
090 |a 679036 
100 |a 20250311d1990 c||y0rusy50 ca 
101 0 |a rus 
102 |a UA 
105 |a a z 000ay 
181 0 |a i   |b  e  
182 0 |a n 
183 |a nc  |2 RDAcarrier 
200 1 |a Волшебник Изумрудного города. Урфин Джюс и его деревянные солдаты  |e повести  |f А. М. Волков 
203 |a Текст  |b визуальный  |c непосредственный 
210 |a Киев  |c Вэсэлка  |d 1990 
215 |a 407 с.  |c ил. 
283 |a volume  |2 RDAcarrier 
606 |a Русская литература современная  |9 50316 
610 1 |a художественная литература 
610 1 |a советская литература 
610 1 |a детская литература 
610 1 |a повести 
675 |a Р2  |v 4 
700 1 |a Волков  |b А. М.  |c русский, советский писатель  |g Александр Мелентьевич 
801 0 |a RU  |b 63413507  |c 20250311 
830 |a ретро2025ХФ 
850 |a 63413507 
942 |c BK